El liderazgo étnico en América
Gespeichert in:
| 1. Verfasser: | |
|---|---|
| Format: | Buch |
| Sprache: | Spanisch |
| Veröffentlicht: |
Ciudad de México
NOEMA
1981
|
| Schlagworte: | |
| Tags: |
Tag hinzufügen
Keine Tags, Fügen Sie den ersten Tag hinzu!
|
MARC
| LEADER | 00000nam a2200000 a 4500 | ||
|---|---|---|---|
| 001 | UCO8020 | ||
| 003 | CL-VaPUC | ||
| 008 | 001124e19810000MX |||||||||||||||||spa|d | ||
| 082 | 0 | 4 | |a 305.80098 |b HIG |2 21 |
| 100 | |a Higham, John |e author |9 452846 | ||
| 245 | 1 | 3 | |a El liderazgo étnico en América |
| 300 | |a 206 p | ||
| 942 | |c BK | ||
| 945 | |d 20001124 00:00:00 |a crobeson | ||
| 260 | |a Ciudad de México |b NOEMA |c 1981 | ||
| 500 | |a Donación del profesor Manfred Wilhelmy von Wolff | ||
| 650 | 7 | |a GRUPOS ETNICOS |2 CL-VaPUC |9 324200 | |
| 650 | 0 | |a Liderazgo |9 271835 | |
| 650 | 0 | |a Judíos |9 313771 | |
| 650 | 7 | |a JAPONESES |2 CL-VaPUC |9 323545 | |
| 650 | 0 | |a Alemanes |9 452847 | |
| 650 | 0 | |a Afroamericanos |9 718656 | |
| 650 | 7 | |a INDIOS NORTEAMERICANOS |2 CL-VaPUC |9 349674 | |
| 650 | 7 | |a EUROPEOS |2 CL-VaPUC |9 452848 | |
| 650 | 7 | |a IRLANDESES |2 CL-VaPUC |9 452849 | |
| 583 | |a last modification |c 20001124 00:00:00 |k Rodrigo Vera | ||
| 999 | |c 292832 |d 292830 | ||
| 952 | |0 0 |1 0 |4 0 |6 305_800980000000000_HIG_1981 |7 0 |8 A |9 343906 |a BIBHIS |b BIBHIS |d 2019-11-20 |i 1235397 |o 305.80098 HIG 1981 |p 1235397 |r 2025-01-20 |w 2019-11-20 |y BK |k HIS | ||